Größte Stadt von jedem Kontinent mit A (Leicht) - Statistiken

Allgemein
  • Dieses Quiz wurde 136 mal gespielt
  • Das Durchschnittsergebnis liegt bei 4 aus 6
Antwortstatistiken
Kontinent Stadt Land % Korrekt
Europa Amsterdam Niederlande
99%
Ozeanien Auckland Neuseeland
82%
Südamerika Asunción Paraguay
81%
Afrika Alexandria Ägypten
78%
Nordamerika Austin USA
65%
Asien Ahmedabad Indien
37%
Keine übereinstimmenden Quizze gefunden
Verteilung der Resultate
Anzahl Personen mit jedem Resultat
Perzentil nach korrekt beantworteten Fragen
Ihre Resultats-Entwicklung
Sie haben dieses Quiz noch nicht gespielt